| 000 | 01200nam a22002057a 4500 | ||
|---|---|---|---|
| 003 | OSt | ||
| 005 | 20251117143142.0 | ||
| 008 | 251117b |||||||| |||| 00| 0 eng d | ||
| 040 | _cDCL | ||
| 082 | _a၂၉၄.၃၈၂၃၅၃ | ||
| 130 |
_aတိပိဋက။ _pသုတ္တန္တပိဋက။ _pခုဒ္ဒကနိကာယ။ _tဇာတက၊ _lအဋ္ဌကထာ၊ _sနိဿယ။ |
||
| 245 |
_aဇာတကအဋ္ဌကထာနိဿယ (အသီတိနိပါတ်)၊ _nနဝမတွဲ / _cဘဒ္ဒန္တကေသရ နှင့် အရှင်ပညာနန္ဒ။ |
||
| 264 |
_aမန္တလေး ၊ _bနိုင်ငံတော်ပရိယတ္တိသာသနာ့တက္ကသိုလ်၊ _c၂၀၁၅။ |
||
| 300 |
_aဈ၊ ၅၉၇ စာမျက်နှာ ၊ _c၂၆ စင်တီ။ |
||
| 650 |
_aဇာတက _vအဋ္ဌကထာနိဿယ။ |
||
| 650 |
_aအသီတိနိပါတ် _xအဋ္ဌကထာနိဿယ။ |
||
| 700 | _aကေသရ၊ ဘဒ္ဒန္တ | ||
| 700 | _aပညာနန္ဒ၊ အရှင် | ||
| 942 |
_2ddc _cSHORT TERM _n0 |
||
| 999 |
_c2505 _d2505 |
||